000 00454nam a2200157Ia 4500
003 GCL
008 140319s9999 xx 000 0 ara d
040 _aGCL /
_cGCL
082 0 4 _aط
_b028.5
_bد س
100 1 _aداليا محمد ابراهيم
245 1 0 _aماذا ? /
_cداليا محمد ابراهيم
490 _aسلسلة لكل سؤال جواب
_v0
650 0 4 _aدوائر المعارف
650 0 4 _aالاطفال
942 _2ddc
_cBK
999 _c44666
_d44666